00782cam a22002057a 4500003000500000005001700005008004100022010001000063011001000073035001000083040000900093100002500102245015200127260004100279300002600320502010900346650004600455650003600501650003900537CHAP20220817043426.0980318d1997 mx a r 00110 spa d a75035 a76007 a85583 cCHAP00aAcosta Vega, German.10aEstrategia para incrementar la adopción de tecnología de bajo costo en el Distrito de Riego No. 38, Rio Mayo, Sonorac/por Germán Acosta Vega aChapingo, Méx. :bEl autor,c1997. a66 h. :bilus. ; mapa aTesis (Ing. Agr. Esp. en Parasitología Agrícola) -- UACH. Departamento de Parasitología Agrícola14aAgriculturaxInnovaciones tecnológicas.14aCostos de producciónxSonora.14aDistrito de Riego Río Mayo, Son.